| 000 | 00393nam a2200169Ia 4500 | ||
|---|---|---|---|
| 003 | 0100 | ||
| 008 | 130303s9999 xx 000 0 und d | ||
| 040 | _cARRUPELIB | ||
| 050 | _aBV5039.G7E9731972 | ||
| 100 | _aPonticus, Evagrius | ||
| 245 | 4 | _aThe praktikos chapters on prayer | |
| 260 | _aMichigan | ||
| 260 | _bCistercian Publications | ||
| 260 | _C1972 | ||
| 300 | _a96p | ||
| 942 | 0 | 0 | _03 |
| 999 |
_c32040 _d32040 |
||